000 00885nam a2200265Ia 4500
003 OSt
005 20220923211610.0
006 a|||||r|||| 00| 0
007 ta
008 220922b |||||||| |||| 00| 0 hin d
020 _a9789388891844 (hbk)
_c995
024 _a354,257
037 _b165, 29/12/2021, Mallika Books
_cTextual
040 _aARTS
_cARTS
_bhin
041 _2hin
_ahin
082 _aY5927:g, R0
100 _aब्रह्मा नंद, ले.
_9159305
245 0 _aदलित आलोचना
246 _aDalit ālochanā
260 _aनई दिल्ली
_b स्वराज प्रकाशन
_c2020
300 _a351पृ.
_ccm.
650 _aसमाजशास्त्र
942 _hY5927:g, R0
_cTEXL
_2CC
999 _c301234
_d301234